Представление документа в формате RUSMARC

ПолеНазваниеЗначение
  Тип записи a
  Библиографический уровень a
001 Контрольный номер UONB/MAIN/6e9506e2dfa94960997cf0322d3f21a3
005 Дата корректировки 20260417175802.4
100 Данные общей обработки __
a Данные общей обработки 20260417 ||| 0rusy0189 ca
101 Язык документа 0_
a Язык текста rus
102 Страна публикации __
a Страна публикации RU
200 Заглавие и сведения об ответственности 1_
a Заглавие [Рецензии]
f Первые сведения об ответственности М. Попов
203 Вид содержания и тип средства __
a Вид содержания Текст
c Тип средства непосредственный
225 Серия 1_
a Серия Московский обозреватель
461 Уровень набора _0
1 2000
a Москва
1 011
a 0131-2332
463 Уровень физической единицы _0
1 2000
a № 3
v С. 221-222
1 2101
d 2026
1 001UONB/MAIN/be4d8960933542609546a630b5db2276
600 Персоналии _0
a Персоналии (Фамилия) Горький Максим
c Дополнение к имени писатель
f Даты 1868-1936
600 Персоналии _1
a Персоналии (Фамилия) Столыпин
b Персоналии (Имя, инициалы) П. А.
c Дополнение к имени государственный деятель
f Даты 1862-1911
g Полное имя Петр Аркадьевич
605 Заглавие как предмет __
a Заглавие Письма о литературе
l Подзаголовок формы книга
605 Заглавие как предмет __
a Заглавие Петр Аркадьевич Столыпин
l Подзаголовок формы энциклопедия
606 Тематические рубрики 0_
a Основная рубрика Литературоведение
606 Тематические рубрики 0_
a Основная рубрика Современная русская литература
610 Ключевые слова 0_
a Ключевые слова рецензии на книги
610 Ключевые слова 0_
a Ключевые слова русские писатели
610 Ключевые слова 0_
a Ключевые слова письма русских писателей
610 Ключевые слова 0_
a Ключевые слова переписка М. Горького
610 Ключевые слова 0_
a Ключевые слова политическая история
610 Ключевые слова 0_
a Ключевые слова социально-экономическая история
610 Ключевые слова 0_
a Ключевые слова российские государственные деятели
686 Индексы других классификаций __
2 Код системы rubbk
700 Автор _1
a Фамилия Попов
b Имя (инициалы) М.
g Полное личное имя Михаил
4 Код отношения 675
801 Источник записи _0
a Страна RU
b Организация Ульяновская ОНБ
c Дата составления 20260417
g Правила каталогизации RCR
801 Источник записи _1
a Страна RU
b Организация Ульяновская ОНБ
c Дата составления 20260417
g Правила каталогизации RCR
901 Тип документа __
t Тип документа b
w Контрольный № источника UONB/MAIN/be4d8960933542609546a630b5db2276